[Event "Uxbridge op Major"]
[Site "Uxbridge"]
[Date "2010.03.21"]
[Round "4"]
[White "Du Plessis, Jacques"]
[Black "Anderson, Thomas R"]
[Result "0-1"]
[WhiteElo "1650"]
[BlackElo "1930"]
[PlyCount "76"]
[EventDate "2010.03.19"]
[EventType "swiss"]
[EventRounds "5"]
[EventCountry "ENG"]
[SourceTitle "EXT 2012"]
[Source "ChessBase"]
[SourceDate "2011.11.24"]
[SourceVersion "1"]
[SourceVersionDate "2011.11.24"]
[SourceQuality "1"]

1. c4 e6 2. g3 f5 3. Bg2 Nf6 4. Nc3 Be7 5. e3 0-0 6. Nge2 d6 7. b3 Na6 8. Bb2 c6 9. d4 Nc7 10. 0-0 Rb8 11. Ba3 b5 12. cxb5 cxb5 13. Bb2 Bb7 14. Rc1 Bxg2 15. Kxg2 Qd7 16. Nf4 Rfc8 17. Qf3 b4 18. Nb1 Ne4 19. Qe2 g5 20. f3 Nf6 21. Nd3 a5 22. e4 Nb5 23. Qe3 Nh5 24. exf5 exf5 25. d5 Re8 26. Qd2 h6 27. h4 Qd8 28. g4 Ng7 29. Rce1 Qd7 30. hxg5 hxg5 31. Kg3 Rf8 32. Rxe7 f4+ 33. Nxf4 gxf4+ 34. Qxf4 Qxe7 35. Qh6 Nc3 36. Nxc3 Qe5+ 37. f4 Qe3+ 38. Rf3 Qg1+ 0-1